Social and cultural dynamics : a study of change in major systmes of Art, Truth, Ethics, Law and Social relationships (Record no. 700)

MARC details
000 -LEADER
fixed length control field 00467nam a2200145Ia 4500
005 - DATE AND TIME OF LATEST TRANSACTION
control field 20240814115758.0
008 - FIXED-LENGTH DATA ELEMENTS--GENERAL INFORMATION
fixed length control field 240813s9999||||xx |||||||||||||| ||und||
082 ## - DEWEY DECIMAL CLASSIFICATION NUMBER
Classification number 301.24 SOR
100 ## - MAIN ENTRY--PERSONAL NAME
Personal name Sorokin, Pitirim
245 #0 - TITLE STATEMENT
Title Social and cultural dynamics : a study of change in major systmes of Art, Truth, Ethics, Law and Social relationships
260 ## - PUBLICATION, DISTRIBUTION, ETC.
Place of publication, distribution, etc. Boston
Name of publisher, distributor, etc. Porter Sargent Pub.
Date of publication, distribution, etc. 1957
300 ## - PHYSICAL DESCRIPTION
Extent 718p
650 ## - SUBJECT ADDED ENTRY--TOPICAL TERM
Topical term or geographic name entry element Culture/Cultural and Anthropology
942 ## - ADDED ENTRY ELEMENTS (KOHA)
Koha item type Book
Holdings
Withdrawn status Lost status Damaged status Not for loan Home library Current library Date acquired Total checkouts Barcode Date last seen Price effective from Koha item type
        Library and Documentation Division NCERT Library and Documentation Division NCERT 08/14/2024   773 08/14/2024 08/14/2024 Book